• 首页
  • 本馆介绍
  • 公告通知
  • 最新文献
  • 馆藏检索
  • 电子资源
  • 读者导购
  • 参考咨询
  • 我的图书馆
  • 登录
  • 详细信息显示
  • 放入我的书架
  • 预约/预借图书
  • 作者相关作品
  • 分类相关作品
  • 丛书相关作品
  • 出版社相关作品

书目信息

  • 表格格式
  • 工作单格式
  • 卡片格式
题名:
中国百年新闻经典
    
 
作者: 刘梓良 , 张耀宁 , 郑化改 总编
分册:   漫画卷
出版信息: 北京   人民出版社  2013.10
页数: 297页
开本: 23cm
丛书名:
单 册:
中图分类: I253 , J228.2
科图分类:
主题词: 新闻--xin wen--作品集--中国--现代 , 新闻--xin wen--作品集--中国--当代 , 漫画--man hua--作品集--中国--现代
电子资源:
ISBN: 978-7-01-012539-8
000 01234nam0 2200337 450
001 CAL 012014006213
005 20230308143223.0
010    @a978-7-01-012539-8@dCNY58.00
099    @aCAL 012014006213
100    @a20131225d2013 em y0chiy0120 ea
101 0  @achi
102    @aCN@b110000
105    @aa a 000yy
106    @ar
200 1  @a中国百年新闻经典@Azhong guo bai nian xin wen jing dian@f总编刘梓良@i漫画卷@f主编张耀宁, 郑化改
210    @a北京@c人民出版社@d2013.10
215    @a297页@c图@d23cm
300    @a国家社科基金特别委托项目
320    @a有书目 (第289-297页)
330    @a本书遴选1900-2011年的中国近现代的具有代表性的新闻漫画作品, 为人们了解中国社会百年的发展提供新闻经典作品。收录了《时局图》《对内对外两种面孔》《小磨香油》《谁谓中国国民尚能享受自由幸福耶?》等文章。
517 1  @a漫画卷@Aman hua juan
606 0  @a新闻@Axin wen@x作品集@y中国@z现代
606 0  @a新闻@Axin wen@x作品集@y中国@z当代
606 0  @a漫画@Aman hua@x作品集@y中国@z现代
690    @aI253@v5
690    @aJ228.2@v5
701  0 @a刘梓良@Aliu zi liang@4总编
701  0 @a张耀宁@Azhang yao ning@4主编
701  0 @a郑化改@Azheng hua gai@4主编
801  0 @aCN@bBJXHXP@c20230308
905    @b1403418-21@dI253@e1280@f4
    
    中国百年新闻经典/总编刘梓良.漫画卷/主编张耀宁, 郑化改.-北京:人民出版社,2013.10
    297页:图;23cm
    国家社科基金特别委托项目
    
    ISBN 978-7-01-012539-8:CNY58.00
    本书遴选1900-2011年的中国近现代的具有代表性的新闻漫画作品, 为人们了解中国社会百年的发展提供新闻经典作品。收录了《时局图》《对内对外两种面孔》《小磨香油》《谁谓中国国民尚能享受自由幸福耶?》等文章。
●
相关链接 在E读中查询图书 在五车中查询图书 在当当中查询图书 在豆瓣中查询图书


正题名:中国百年新闻经典     索取号:I253/1280         预约/预借

序号 登录号 条形码 馆藏地/架位号 状态 备注
1 1403418   214034187   第一样本阅览室/ [索取号:I253/1280] 在馆    
2 1403419   214034196   第二借阅区/ [索取号:I253/1280] 在馆    
3 1403420   214034203   第二借阅区/ [索取号:I253/1280] 在馆    
4 1403421   214034212   第二借阅区/ [索取号:I253/1280] 在馆    
唐山师范学院图书馆 欢迎您!
大连网信软件有限公司© 版权所有